Cities that End in R by Clue - Statistics

General Stats
  • This quiz has been taken 18,590 times
    16,089 since last reset
  • The average score is 12 of 20
Answer Stats
Clue City % Correct
Largest city in British Columbia Vancouver
90%
Capital of Mongolia Ulaanbaatar
89%
Home to the Petronas Twin Towers Kuala Lumpur
83%
The most populous urban area in the Rocky Mountains Denver
81%
English town known for its White Cliffs Dover
78%
English city once called "Cottonopolis" due to its many textile mills Manchester
78%
Westernmost city in mainland Africa Dakar
74%
People visit this Egyptian city to see the Valley of the Kings Luxor
72%
Tangerines are named for this city in Morocco Tangier
72%
Its name means "Holy Savior" in Spanish San Salvador
69%
French city near the Mediterranean which the capital of Vermont is named for Montpellier
60%
This city's Premier League football team won a title in 2016, overcoming 5000 to 1 odds Leicester
59%
Turkish city formerly known as Smyrna Izmir
57%
City inside central London home to the Houses of Parliament and Buckingham Palace Westminster
52%
The dynasty which ruled Great Britain from 1714–1901 came from this city in Germany Hanover
44%
Home to the University of Michigan, it has the world's third largest stadium Ann Arbor
41%
Norwegian host of the 1994 Winter Olympics Lillehammer
41%
Main city on the island of Bali Denpasar
40%
The second-most populous city of Afghanistan, founded by the Alexander the Great Kandahar
31%
City in India's Punjab region home to the Sikh "Golden Temple" Amritsar
23%
No matching quizzes found
Score Distribution
Percent of People with Each Score
Percentile by Number Answered
Your Score History
You have not taken this quiz since the last reset